Large Worlds in Video Games - Statistics

General Stats
  • This quiz has been taken 680 times
  • The average score is 4 of 23
Answer Stats
Size (sq. miles) Answer % Correct
16 Elder Scrolls 5: Skyrim
84%
16 Elder Scrolls 4: Oblivion
50%
80 World of Warcraft
38%
28 Red Dead Redemption
34%
6.8 Grand Theft Auto 4
29%
15 Fallout 3
28%
400 Just Cause 2
26%
62,394 The Elder Scrolls 2: Daggerfall
24%
13.9 Grand Theft Auto: San Andreas
19%
3 Grand Theft Auto 3
17%
31 Far Cry 2
15%
5,560 Fuel
9%
15,000 Guild Wars Nightfall
7%
200 Burnout Paradise
3%
618 Test Drive Unlimited
3%
30,000 The Lord of the Rings Online
3%
240 True Crime: Streets of LA
2%
500 Asheron's Call
1%
22 Kingdoms of Amalur: Reckoning
1%
135 Operation Flashpoint: Dragon Rising
1%
200 Star Wars Galaxies
1%
22 Sacred 2: Fallen Angel
0%
80 Superman Returns
0%
No matching quizzes found
Score Distribution
Percent of People with Each Score
Percentile by Number Answered
Your Score History
You have not taken this quiz